Statistics for Name The Artists

Click here to take the quiz!

General Stats

  • This quiz has been taken 10 times
  • The average score is 7 of 20

Answer Stats

SongArstist% Correct
Wake Me Up Before You Go-GoWham!
80%
All The Small Thingsblink-182
70%
ToxicBritney Spears
60%
Welcome To The Black ParadeMy Chemical Romance
60%
CenturiesFall Out Boy
40%
FootlooseKenny Loggins
40%
Don't SpeakNo Doubt
40%
Man! I Feel Like A WomanShania Twain
40%
A Thousand MilesVanessa Carlton
40%
Bad Moon RisingCreedance Clearwater Revival
30%
Cry Me A RiverJustin Timberlake
30%
Play That Funky MusicWild Cherry
30%
Say My NameDestiny's Child
20%
Me TooMeghan Trainor
20%
The GreatestSia
20%
Wicked GamesThe Weeknd
20%
Little LiesFleetwood Mac
10%
DominoJesse J
10%
Cold WaterMajor Lazer ft. Justin Bieber
10%
UnwellMatchbox 20
10%

Score Distribution

Percentile by Number Answered

Percent of People with Each Score

Your Score History

You have not taken this quiz